01809nam a2200361 i 4500001001000000003000900010005001700019007000300036008004100039020001800080040003000098082002200128100005000150245009300200264005000293300004600343336002700389337003300416338002800449500005700477504003200534590002600566650004200592650002200634910003700656942001400693952014600707952014600853952013400999952014001133952015701273999001701430000039104DO-SdBNP20240301125231.0ta130521s2010 dr ac 000 0 spa d a9789945427288 aDO-SdBNPbspacBNPHUerda 4a394.25bT266m2221 aTejada Ortiz, Dagoberto,d1940-eautor93352610aMáscara e identidad :bimágenes del carnaval dominicano /cDagoberto Tejada Ortíz. aSanto Domingo :bEdiciones de Cultura,c2010. a204 páginas :bilustraciones, retratos. 2rdacontentatextobtxt 2rdamediaasin mediaciónbn 2rdacarrieravolumenbnc aIncluye datos biográficos del autor en las solapas aBibliografía : p. 199-204 aInventariado, 2018/VM 4aCarnavalzRepública Dominicana9460 4aMáscaras965315 aValidado. Control de calidad MFF 2ddccLBS1 00102ddc56708DSaBNPHUbBNPHUcHDd2013-05-21l0oBNPHU DS 394.25 T266mp39104-30r2020-06-25te. 3w2020-06-25yLBS1ZPréstamo en sala 00102ddc56708DSaBNPHUbBNPHUcHDd2015-03-25l0oBNPHU DS 394.25 T266mp39104-40r2020-06-25te. 4w2020-06-25yLBS1ZPréstamo en sala 00102ddc51708PDaBNPHUbBNPHUcHDd2013-05-21l0oBNPHU PD 394.25 T266mp39104-10r2020-06-25w2020-06-25yLBS1ZNo se presta 00102ddc51708PDaBNPHUbBNPHUcHDd2013-05-21l0oBNPHU PD 394.25 T266mp39104-20r2020-06-25te. 2w2020-06-25yLBS1ZNo se presta 00102ddc56708DSaBNPHUbBNPHUcHDd2024-01-11eDonado por Maritza Pérez G.l0oBNPHU DS 394.25 T266mp2024-0181r2024-01-11te.5w2024-01-11yLBS1 c38594d38594